| 000 | 00505nam a2200169Ia 4500 | ||
|---|---|---|---|
| 003 | IN-BaIIA | ||
| 008 | 211028s9999 xx 000 0 eng d | ||
| 040 | _cIIA Library | ||
| 080 |
_a621.383 _bCAM |
||
| 100 |
_aCampbell, Robert Norman _92229 |
||
| 245 | 0 |
_aPhotoelectric cells _cNorman Robert Campbell and Dorothy Ritchie. |
|
| 260 |
_aLondon _bSir Isaac Pitman and Sons _c1929 |
||
| 300 | _avii, 209p. | ||
| 650 | _aAstronomy and Astrophysics Thesaurus | ||
| 700 |
_aRitchie, Dorothy _92230 |
||
| 942 | _cBK | ||
| 999 |
_c1033 _d1033 |
||